Iglesia, sociedad y política en la España contemporánea (Record no. 82839)

MARC details
000 -LEADER
campo de control de longitud fija 01062nam a2200253 i 4500
001 - NÚMERO DE CONTROL
campo de control 82839
003 - IDENTIFICADOR DE NÚMERO DE CONTROL
campo de control ES-MaACL
005 - FECHA Y HORA DE LA ÚLTIMA TRANSACCIÓN
campo de control 20250824201935.0
007 - CAMPO FIJO DE DESCRIPCIÓN FÍSICA--INFORMACIÓN GENERAL
campo de control de longitud fija t|
008 - DATOS DE LONGITUD FIJA--INFORMACIÓN GENERAL
campo de control de longitud fija 041112s1983 sp ||||1| spa d
080 ## - NÚMERO DE LA CLASIFICACIÓN DECIMAL UNIVERSAL
Número de la Clasificación Decimal Universal 322(46)"18/19":061.3(46)"1981"
111 0# - ENTRADA PRINCIPAL--NOMBRE DE CONGRESO/REUNIÓN
Nombre de congreso/reunión o jurisdicción como elemento de entrada Semana de Historia Eclesiástica de España Contemporánea (
Número del congreso/reunión o número de parte o sección 6ª.
Fecha del congreso o de la firma del tratado 1981.
Sede del congreso/Lugar de la reunión El Escorial)
9 (RLIN) 998
245 10 - MENCIÓN DEL TÍTULO
Título Iglesia, sociedad y política en la España contemporánea
Resto del título : [ponencias presentadas a la VI Semana de Historia Eclesiástica de España Contemporánea] /
Mención de responsabilidad, etc. M. Espadas Burgos... [et al.].
260 ## - PUBLICACIÓN, DISTRIBUCIÓN, ETC.
Lugar de publicación, distribución, etc. El Escorial :
Nombre del editor, distribuidor, etc. Ediciones Escurialenses,
Fecha de publicación, distribución, etc. 1983.
300 ## - DESCRIPCIÓN FÍSICA
Extensión 407 p. ;
Dimensiones 21 cm.
490 1# - MENCIÓN DE SERIE
Mención de serie Biblioteca la ciudad de Dios. Pax Veritatis ;
Designación de volumen o secuencia 1
490 1# - MENCIÓN DE SERIE
Mención de serie Varios ;
Designación de volumen o secuencia 34
650 #4 - PUNTO DE ACCESO ADICIONAL DE MATERIA--TÉRMINO DE MATERIA
Término de materia o nombre geográfico como elemento de entrada Iglesia y Estado-
Subdivisión geográfica España-
Subdivisión cronológica S.XIX-
Subdivisión de forma Congresos y asambleas.
9 (RLIN) 145993
700 1# - ENTRADA AGREGADA--NOMBRE PERSONAL
Nombre de persona Espadas Burgos, Manuel.
9 (RLIN) 47744
830 00 - PUNTO DE ACCESO ADICIONAL DE SERIE-TÍTULO UNIFORME
Título uniforme Biblioteca la ciudad de Dios
Designación de volumen o secuencia 1
9 (RLIN) 187490
830 0# - PUNTO DE ACCESO ADICIONAL DE SERIE-TÍTULO UNIFORME
Título uniforme Varios ;
Designación de volumen o secuencia 34
9 (RLIN) 228361
852 ## - LOCALIZACIÓN
Ubicación ES-MaACL
Número de control de estantería C-54791
Sublocalización o colección R.104834
Holdings
Estatus retirado Estado de pérdida Estado de daño No para préstamo Biblioteca de origen Biblioteca actual Ubicación en estantería Fecha de adquisición Fuente de adquisición Total de préstamos Signatura topográfica completa Código de barras Visto por última vez Precio de reemplazo Tipo de ítem Koha
        Biblioteca del Ateneo de Madrid Biblioteca del Ateneo de Madrid Depósito 2 17/01/2008     C-54791 1086572 23/02/2023 23/02/2023 Libro impreso